Paroles Lana Del Rey, Summertime Sadness - Statistiques

Statistiques générales
  • Ce quiz a été pris 1 522 fois
  • Le résultat moyen est 190 sur 281
Statistiques - réponses
Réponse % Correct
I
98%
sadness
98%
Summertime
98%
summertime
98%
go
97%
you
94%
the
93%
to
92%
a
88%
me
88%
got
87%
Got
87%
me
86%
my
86%
baby
84%
before
84%
just
84%
Kiss
84%
that
84%
know
82%
tonight
82%
best
81%
on
81%
dress
80%
red
79%
in
78%
Oh
77%
hard
75%
hard
75%
wanted
69%
God
67%
feel
65%
Dancing
58%
dark
57%
I'm
54%
like
54%
Like
54%
it
50%
anymore
48%
are
48%
feeling
46%
Nothing
45%
pale
42%
scares
42%
you're
42%
ever
41%
su-su-summertime
39%
Su-su-summertime
39%
alive
38%
above
36%
air
36%
electric
35%
forever
35%
Honey
34%
miss
34%
sky
34%
Telephone
34%
beauty
33%
fire
33%
sun
33%
I'll
32%
queen
32%
stars
32%
everywhere
31%
if
31%
oh oh-oh oh-oh
30%
Oh, oh-oh oh-oh
30%
oh, oh-oh, oh, oh
30%
oh, oh-oh,oh-oh
30%
that
30%
Think
30%
happy
29%
style
29%
tonight
29%
hair
28%
morning
28%
heels
23%
off
23%
die
22%
wires
22%
snare
21%
up
20%
than
19%
moonlight
18%
better
17%
big
17%
Done
17%
gonna
17%
is
17%
never
17%
real
17%
drive
13%
sizzling
13%
99
12%
bad
12%
by
12%
gone
12%
down
11%
side
11%
heavenly
10%
Later
10%
about
9%
coast
8%
Cruising
6%
Hight
6%
going
5%
tonignt
1%
Aucun quiz correspondant
Distribution des résultats
% des personnes avec chaque résultat
Percentile par nombre de réponses
Votre historique - résultats
Vous n’avez pas pris ce quiz